|
|
|
|
| LEADER |
01282cam a2200313 a 4500 |
| 001 |
37658 |
| 003 |
BD-DhAAL |
| 005 |
20220203131350.0 |
| 008 |
220203t1996 mnua b 000 0 eng |
| 999 |
|
|
|c 43453
|d 43453
|
| 010 |
|
|
|a 96041080
|
| 020 |
|
|
|a 1884834272 (alk. paper)
|
| 020 |
|
|
|a 9781884834271
|
| 040 |
|
|
|a DLC
|c DLC
|d DLC
|d BD-DhAAL
|
| 050 |
0 |
0 |
|a LB1139.4
|b .C88 1996
|
| 082 |
0 |
0 |
|a 375.001
|2 20
|
| 100 |
1 |
|
|a Curtis, Deb.
|9 45416
|
| 245 |
1 |
0 |
|a Reflecting children's lives :
|b a handbook for planning child-centered curriculum /
|c Deb Curtis and Margie Carter.
|
| 260 |
|
|
|a St. Paul, MN :
|b Redleaf Press.
|c c1996.
|
| 300 |
|
|
|a xiv, 205 pages :
|b col. illustrations ;
|c 28 cm.
|
| 504 |
|
|
|a Includes bibliographical references (p. 191-201).
|
| 541 |
|
|
|a Complimentary copy from BIED
|e 37658
|
| 650 |
|
0 |
|a Early childhood education
|x Curricula.
|9 45417
|
| 650 |
|
0 |
|a Curriculum planning.
|9 45418
|
| 650 |
|
0 |
|a Classroom environment.
|9 45419
|
| 700 |
1 |
|
|a Carter, Margie,
|d 1942-
|9 45420
|
| 852 |
|
|
|a Ayesha Abed Library
|c BIED Collection
|
| 942 |
|
|
|2 ddc
|c BK
|
| 952 |
|
|
|0 0
|1 0
|2 ddc
|4 0
|6 375_001000000000000_CUR
|7 0
|9 69722
|a BRACUL
|b BRACUL
|c GEN
|d 2022-02-03
|e Complimentary copy from BIED
|l 0
|o 375.001 CUR
|p 3010037658
|r 2022-02-03
|t 1
|w 2022-02-03
|y BK
|x Transferred from BIED to General Stacks
|